=LDR 00000nam 2200000 4500 =001 INLIS000000000020509 =005 20130612115452 =008 ***********************************Ind** =035 ##$$0010-061300000020509 =041 ##$$a Ind =082 ##$$a R.630.026 =090 ##$$a R.630.026, Ind h =100 ##$$a Indonesia.[Undang-Undang dan Peraturan] =245 ##$$a Himpunan peraturan himpunan peraturan pertanian di lengkapi dengan undang-undang keputusan 5 keputusan mentri dan peraturan pemerintah dan keputusan direktur jenderal =260 ##$$a 2004 $b Jakarta =300 ##$$a x, 534 hlm, 22 cm =650 ##$$a Pertanian-Undang-Undang dan peraturan =850 ##$$a NBPNMAT